[Event "ROM-ch U18"]
[Site "Calimanesti"]
[Date "2015.04.05"]
[Round "8"]
[White "Popa, Mihai Ovidiu"]
[Black "Ghitoiu Stelzner, Luigi Rafael"]
[Result "1/2-1/2"]
[WhiteElo "1659"]
[BlackElo "1698"]
[PlyCount "44"]
[EventDate "2015.03.30"]
[EventType "swiss"]
[EventRounds "9"]
[EventCountry "ROU"]
[SourceTitle "CBM 165 Extra"]
[Source "ChessBase"]
[SourceDate "2015.04.21"]
[SourceVersion "1"]
[SourceVersionDate "2015.04.21"]
[SourceQuality "1"]

1. d4 f5 2. Nf3 Nf6 3. c4 e6 4. Nc3 d5 5. Bg5 c6 6. e3 Bd6 7. c5 Bc7 8. Bd3 0-0 9. b4 Qe8 10. Ne2 Ne4 11. Bf4 Bxf4 12. Nxf4 Nd7 13. Qc2 e5 14. Ne2 Nxf2 15. Kxf2 e4 16. Raf1 Qe7 17. Ke1 exf3 18. Rxf3 g6 19. h3 Nf6 20. Rg1 Bd7 21. Ng3 Rae8 22. Qe2 Ne4 1/2-1/2

[Event "ROM-ch U18"]
[Site "Calimanesti"]
[Date "2015.04.04"]
[Round "7"]
[White "Ghitoiu Stelzner, Luigi Rafael"]
[Black "Oprita, George"]
[Result "1-0"]
[WhiteElo "1698"]
[BlackElo "1718"]
[PlyCount "79"]
[EventDate "2015.03.30"]
[EventType "swiss"]
[EventRounds "9"]
[EventCountry "ROU"]
[SourceTitle "CBM 165 Extra"]
[Source "ChessBase"]
[SourceDate "2015.04.21"]
[SourceVersion "1"]
[SourceVersionDate "2015.04.21"]
[SourceQuality "1"]

1. e4 d5 2. exd5 Qxd5 3. Nf3 Nf6 4. d4 c6 5. c4 Qa5+ 6. Bd2 Qc7 7. Be2 Bf5 8. 0-0 e6 9. Nc3 Bd6 10. Re1 0-0 11. Rc1 Nbd7 12. d5 Ne5 13. Nd4 Bg4 14. Bxg4 Nexg4 15. h3 Nxf2 16. Qf3 Bc5 17. Qxf2 e5 18. Be3 exd4 19. Bxd4 Bxd4 20. Qxd4 Rfd8 21. Rcd1 cxd5 22. Nxd5 Nxd5 23. cxd5 Rd6 24. Qxa7 Rad8 25. Qa4 h6 26. Re8+ Rxe8 27. Qxe8+ Kh7 28. Qe5 Qb6+ 29. Kh1 Rg6 30. d6 Qc6 31. Qd5 Qd7 32. Rf1 f5 33. Rd1 f4 34. Qe4 f3 35. Qxf3 Rxd6 36. Rxd6 Qxd6 37. Qxb7 Qg3 38. a4 h5 39. Qe4+ g6 40. a5 1-0

[Event "ROM-ch U18"]
[Site "Calimanesti"]
[Date "2014.04.10"]
[Round "6"]
[White "Ghitoiu Stelzner, Luigi Rafael"]
[Black "Negru, Alecsandru George"]
[Result "0-1"]
[WhiteElo "1652"]
[BlackElo "1753"]
[PlyCount "82"]
[EventDate "2014.04.06"]
[EventType "swiss"]
[EventRounds "9"]
[EventCountry "ROU"]
[SourceTitle "CBM 160 Extra"]
[Source "ChessBase"]
[SourceDate "2014.07.01"]
[SourceVersion "1"]
[SourceVersionDate "2014.07.01"]
[SourceQuality "1"]

1. e4 c5 2. Nf3 g6 3. d4 cxd4 4. Nxd4 Bg7 5. Bc4 Nf6 6. Nc3 Nc6 7. Be3 Qa5 8. f3 Qb4 9. Bb3 Nxe4 10. a3 Nxc3 11. axb4 Nxd1 12. Rxd1 Nxb4 13. Nb5 Na6 14. Bxa7 Bxb2 15. c3 Bxc3+ 16. Nxc3 Rxa7 17. 0-0 Nc5 18. Nb5 Ra5 19. Bc4 0-0 20. Rfe1 Ne6 21. Rb1 d6 22. Bf1 Bd7 23. Nc3 Bc6 24. Rec1 Rc5 25. Bd3 Rc8 26. Ne4 Bxe4 27. Rxc5 Nxc5 28. Bxe4 Nxe4 29. fxe4 Rb8 30. Kf2 b5 31. Ke3 b4 32. Kd4 b3 33. Kd5 b2 34. Kc6 Kg7 35. Kd7 Kf6 36. h4 h5 37. g3 Rb3 38. Rf1+ Ke5 39. Rb1 e6 40. Ke7 Rb7+ 41. Kf8 Kxe4 0-1

[Event "ROM-ch U18"]
[Site "Calimanesti"]
[Date "2014.04.09"]
[Round "4"]
[White "Ghitoiu Stelzner, Luigi Rafael"]
[Black "Szijarto, Norbert Ludwig"]
[Result "1/2-1/2"]
[WhiteElo "1652"]
[BlackElo "1720"]
[PlyCount "42"]
[EventDate "2014.04.06"]
[EventType "swiss"]
[EventRounds "9"]
[EventCountry "ROU"]
[SourceTitle "CBM 160 Extra"]
[Source "ChessBase"]
[SourceDate "2014.07.01"]
[SourceVersion "1"]
[SourceVersionDate "2014.07.01"]
[SourceQuality "1"]

1. e4 e6 2. d4 d5 3. exd5 exd5 4. Bd3 Bd6 5. Nf3 Nf6 6. 0-0 0-0 7. Re1 Bg4 8. Bg5 Bxf3 9. Qxf3 Nbd7 10. Nc3 c6 11. Bxf6 Qxf6 12. Qxf6 Nxf6 13. Re2 Rfe8 14. Rae1 Rxe2 15. Rxe2 Re8 16. Rxe8+ Nxe8 17. h4 Nc7 18. g4 Ne6 19. Ne2 Nf4 20. Nxf4 Bxf4 21. Kg2 g6 1/2-1/2

[Event "ROM-ch U16"]
[Site "Calimanesti"]
[Date "2013.04.08"]
[Round "9"]
[White "Popa, Mihai Ovidiu"]
[Black "Ghitoiu Stelzner, Luigi Rafael"]
[Result "1-0"]
[WhiteElo "1607"]
[BlackElo "1681"]
[PlyCount "73"]
[EventDate "2013.04.02"]
[EventType "swiss"]
[EventRounds "9"]
[EventCountry "ROU"]
[SourceTitle "CBM 153 Extra"]
[Source "ChessBase"]
[SourceDate "2013.04.22"]
[SourceVersion "1"]
[SourceVersionDate "2013.04.22"]
[SourceQuality "1"]

1. e4 c5 2. Nf3 Nc6 3. d4 cxd4 4. Nxd4 g6 5. Nc3 Bg7 6. Be3 Nf6 7. h3 0-0 8. Be2 d6 9. Qd2 Bd7 10. f4 a6 11. a4 Nxd4 12. Bxd4 Bc6 13. Bd3 Qc7 14. 0-0 e5 15. Be3 Rfe8 16. fxe5 dxe5 17. Bh6 Rad8 18. Bxg7 Kxg7 19. Qe3 Rd4 20. Rae1 Bxa4 21. Rxf6 Kxf6 22. Qxd4 exd4 23. Nd5+ Kg7 24. Nxc7 Rc8 25. Nd5 Rc6 26. b3 Bb5 27. Bxb5 axb5 28. Re2 Rd6 29. Nf4 g5 30. Nd3 Re6 31. Kf1 b6 32. Ke1 h5 33. Kd2 Kf6 34. Nb4 Ke5 35. Nd5 f6 36. Kd3 Rc6 37. Rf2 1-0

[Event "ROM-ch U16"]
[Site "Calimanesti"]
[Date "2013.04.05"]
[Round "6"]
[White "Ghitoiu Stelzner, Luigi Rafael"]
[Black "Ciocanaru, Andrei"]
[Result "1-0"]
[WhiteElo "1681"]
[BlackElo "1656"]
[PlyCount "77"]
[EventDate "2013.04.02"]
[EventType "swiss"]
[EventRounds "9"]
[EventCountry "ROU"]
[SourceTitle "CBM 153 Extra"]
[Source "ChessBase"]
[SourceDate "2013.04.22"]
[SourceVersion "1"]
[SourceVersionDate "2013.04.22"]
[SourceQuality "1"]

1. e4 e6 2. d4 d5 3. exd5 exd5 4. Bd3 c5 5. dxc5 Bxc5 6. Nf3 Nf6 7. 0-0 0-0 8. Nbd2 Be6 9. Nb3 Bd6 10. Nbd4 a6 11. Re1 Bg4 12. h3 Bh5 13. Bg5 Nc6 14. Qd2 Be7 15. Qf4 Re8 16. Qh4 Bg6 17. Nf5 h6 18. Bxh6 gxh6 19. Nxh6+ Kg7 20. Bxg6 fxg6 21. Ng5 Bc5 22. Nhf7 Rh8 23. Nxh8 Qxh8 24. Ne6+ Kf7 25. Qxh8 Rxh8 26. Nxc5 Rc8 27. Nxb7 Kg7 28. Nc5 Nb4 29. Ne6+ Kh6 30. Rec1 Ne4 31. f3 Nd2 32. c3 Nc6 33. Rd1 Nc4 34. b3 Nb6 35. a4 Ne7 36. a5 Nd7 37. Nf4 Rxc3 38. Nxd5 Nxd5 39. Rxd5 1-0

[Event "ROM-ch U16"]
[Site "Calimanesti"]
[Date "2013.04.02"]
[Round "1"]
[White "Nastase, Robert Paul"]
[Black "Ghitoiu Stelzner, Luigi Rafael"]
[Result "1-0"]
[WhiteElo "2090"]
[BlackElo "1681"]
[PlyCount "47"]
[EventDate "2013.04.02"]
[EventType "swiss"]
[EventRounds "9"]
[EventCountry "ROU"]
[SourceTitle "CBM 153 Extra"]
[Source "ChessBase"]
[SourceDate "2013.04.22"]
[SourceVersion "1"]
[SourceVersionDate "2013.04.22"]
[SourceQuality "1"]

1. d4 d5 2. c4 e6 3. Nc3 Nf6 4. cxd5 exd5 5. Bf4 Bf5 6. e3 Be7 7. Bd3 Bg6 8. Nf3 c6 9. 0-0 0-0 10. Rb1 Nbd7 11. b4 Nb6 12. Bxg6 hxg6 13. Ne5 Rc8 14. Na4 Nc4 15. Nc5 b6 16. Ncd3 Ne4 17. Rc1 Ned2 18. Re1 c5 19. b5 cxd4 20. exd4 Ba3 21. Bxd2 Nxd2 22. Rxc8 Qxc8 23. Qxd2 Re8 24. h3 1-0